000 00440cam a2200181ua 4500
020 _c2
041 _ahin
_h
082 _a891.54
_bVIJ/HI
100 _aVijayasankar Mall, .
245 _aHindi kavya mem pragativad /
_cVijayasankar Mall.
_hTextual Documents
250 _a2 /
_b.
260 _aVaranasi :
_bSaraswati Mandir ,
_c1950.
300 _a188 ; .
365 _a2
504 _a
942 _cBK
999 _c11466
_d11466